| 000 | 01185nam a22003014a 4500 | ||
|---|---|---|---|
| 001 | ebr10076733 | ||
| 003 | CaPaEBR | ||
| 006 | m u | ||
| 007 | cr cn||||||||| | ||
| 008 | 000524s2000 enk sb 001 0 eng | ||
| 020 | _z0761957707 | ||
| 020 | _z0761957715 (pbk.) | ||
| 040 |
_aCaPaEBR _cCaPaEBR |
||
| 035 | _a(OCoLC)70773914 | ||
| 050 | 1 | 4 |
_aP90 _b.C26 2000eb |
| 082 | 0 | 4 |
_a302.2/242 _221 |
| 100 | 1 |
_aCameron, Deborah, _d1958- |
|
| 245 | 1 | 0 |
_aGood to talk? _h[electronic resource] : _bliving and working in a communication culture / _cDeborah Cameron. |
| 260 |
_aLondon ; _aThousand Oaks, Calif. : _bSage Publications, _c2000. |
||
| 300 | _aviii, 213 p. | ||
| 504 | _aIncludes bibliographical references (p. [188]-207) and index. | ||
| 533 |
_aElectronic reproduction. _bPalo Alto, Calif. : _cebrary, _d2013. _nAvailable via World Wide Web. _nAccess may be limited to ebrary affiliated libraries. |
||
| 650 | 0 | _aCommunication. | |
| 650 | 0 | _aOral communication. | |
| 655 | 7 |
_aElectronic books. _2local |
|
| 710 | 2 | _aebrary, Inc. | |
| 856 | 4 | 0 |
_uhttp://site.ebrary.com/lib/rucke/Doc?id=10076733 _zAn electronic book accessible through the World Wide Web; click to view |
| 999 |
_c72965 _d72965 |
||